Personálny audit ako málo využívaný nástroj riadenia podnikov v SR
Súčasný stav využívania personálneho auditu ako nástroja riadenia v podnikoch pôsobiacich v Slovenskej republike. Výsledky dotazníkového prieskumu využívania personálneho auditu v malých a stredných podnikoch v SR.
Salvato in:
| Autore principale: | |
|---|---|
| Altri autori: | , |
| Natura: | Capitolo di libro |
| Lingua: | slovacco |
| Soggetti: | |
| Tags: |
Nessun Tag, puoi essere il primo ad aggiungerne!!
|
MARC
| LEADER | 00000naa$a2200000$$$4500 | ||
|---|---|---|---|
| 001 | 0166648 | ||
| 005 | 20240502083408.5 | ||
| 041 | 0 | |a slo | |
| 044 | |a CZ | ||
| 245 | 1 | 0 | |a Personálny audit ako málo využívaný nástroj riadenia podnikov v SR |c Miroslava Szarková, Martin Andrejčák, Igor Václav |
| 520 | |a Súčasný stav využívania personálneho auditu ako nástroja riadenia v podnikoch pôsobiacich v Slovenskej republike. Výsledky dotazníkového prieskumu využívania personálneho auditu v malých a stredných podnikoch v SR. | ||
| 610 | 2 | 0 | |a audit personálny |
| 610 | 2 | 0 | |a audit interný |
| 610 | 2 | 0 | |a audit externý |
| 610 | 2 | 0 | |a riadenie ľudských zdrojov |
| 610 | 2 | 0 | |a riadenie personálne |
| 610 | 2 | 0 | |a podnik malý |
| 610 | 2 | 0 | |a podnik stredný |
| 610 | 2 | 0 | |a prieskum |
| 610 | 2 | 0 | |a Slovensko |
| 100 | 1 | |a Szarková, Miroslava, 1951- | |
| 700 | 1 | |a Andrejčák, Martin | |
| 700 | 1 | |a Václav, Igor, 1965- | |